Wiedza o komiksach #1 - komiks europejski - Statystyki

Ogólne statystyki
  • Ten quiz został rozwiązany 4 razy
  • Średni wynik to 13 z 25
Statystyki odpowiedzi
Lp Tytuł komiksu Pytanie Odpowiedź % Poprawnych
2 Lucky Luke Jak ma na nazwisko pochodząca z komisku czwórka braci bandytów tworzących gang złodziei? Dalton
75%
14 Smerfy Jak miał na imię pechowy i nieporadny czarodziej, główny antagonista komiksu? Gargamel
75%
24 Tytus, Romek i A'Tomek Do jakiej organizacji scoutowskiej należała dwójka głównych bohaterów? Harcerstwo
75%
8 Persepolis O rewolucji w którym kraju opowiada ten biograficzny komiks? Iran
75%
7 Blacksad Jakim antropomorficznym zwierzęciem jest John Blacksad? Kot
75%
9 Kapitan Żbik Do jakiej polskiej formacji policyjnej należał tytułowy "Kapitan Żbik"? -należy podać pełną nazwę. Milicja Obywatelska
75%
6 XIII Za zabójstwo prezydenta którego kraju oskarżony jest główny bohater komiksu? Stany Zjednoczone
75%
10 Tytus, Romek i A'Tomek Jakim zwierzęciem był Tytus? Szympans
75%
11 Lucky Luke Według komiksu jako rewolwerowiec Luke był szybszy nawet od czego? Własnego cienia
75%
17 Przygody Tintina Jak nazywa się często towarzyszący głównemu bohaterowi wierny i nie grzeszący trzeźwością kapitan? Baryłka
50%
25 Smerfy Z jakiego kraju pochodził rysownik o pseudonimie Peyo, twórca Smerfów? Belgia
50%
16 Muminki Jak miało na imię budzące postrach w Dolinie Muminków (jak i czytelnikach) zamrażające wszystko swoim dotykiem stworzenie? Buka
50%
15 Largo Winch Z którego (nieistniejącego już) europejskiego kraju pochodzi tytułowy główny bohater? Jugosławia
50%
1 Asterix Wytwarzaniem czego specjalizował się Obelix? Menhir
50%
3 Przygody Tintina Jak ma na imię biały pies, towarzysz Tintina? Milou
50%
4 Kajko i Kokosz Jaką nazwę ma gród którego wojami są tytułowi Kajko i Kokosz? Mirmiłowo
50%
5 Thorgal Motywy której mitologii szeroko są wykorzystywane w komiksie Thorgal? Nordycka
50%
21 Thorgal Z jakiego kraju pochodzi rysownik tego belgijskiego komiksu? Polska
50%
12 Asterix Jaką nazwę nosi region historyczny region starożytnej Galii w której znajdowała się wioska Asterixa i Obelixa? Armoryka
25%
13 Jeż Jerzy Z jaką subkulturą o charakterystycznych stroju z "trzema paskami" na pieńku miał tytułowy bohater? Dresiarze
25%
23 Likwidator W imię jakiej nauki i ideologii o przyrodzie wymierzał sprawiedliwość główny bohater? Ekologii
25%
19 Judge Dredd Jaką nazwę nosi dystopiczne miasto w którym służbę pełni tytułowy Sędzia Dredd? Mega-City One
25%
20 Asterix Jak ma na imię komiksowy druid sporządzający "magiczny napój"? Panoramiks
25%
22 Lucky Luke Jak miał na imię nieco cyniczny koń głównego bohatera? Wesoły Skoczek
25%
18 Inspektor Canardo Jakim antropomorficznym zwierzęciem był główny bohater tej serii komiksów? Kaczka
0%
Nie znaleziono quizów pasujących do podanych kryteriów
Rozkład punktacji
Procent ludzi z każdym wynikiem
Percentyl według liczby udzielonych odpowiedzi
Twoja historia wyników
Nie rozwiązałeś tego quizu